[Event "22nd World Seniors Open"]
[Site "Kamena Vourla GRE"]
[Date "2012.11.18"]
[Round "6.12"]
[White "Pritchett,C"]
[Black "Acers,J"]
[Result "0-1"]
[WhiteElo "2348"]
[BlackElo "2214"]

1.Nf3 d5 2.c4 dxc4 3.e3 Bg4 4.Bxc4 e6 5.Qa4+ c6 6.Be2 Nf6 7.O-O Nbd7 8.Nc3 Bd6
9.d4 O-O 10.e4 e5 11.Bg5 Bxf3 12.Bxf3 Nb6 13.Qb3 exd4 14.Ne2 c5 15.a4 h6
16.Bxf6 Qxf6 17.a5 Nd7 18.Ng3 Ne5 19.Bd1 c4 20.Qxb7 Qf4 21.Qd5 d3 22.Kh1 Rad8
23.Nh5 Qd2 24.f4 Ng6 25.Qxc4 Nxf4 26.Nxf4 Bxf4 27.Bb3 Be5 28.Rxf7 Kh8 29.Rxf8+ Rxf8
30.Qc5 Qf4 31.Qg1 d2 32.Bc4 Rc8 33.Rf1 Rxc4 34.Rxf4 Bxf4 35.g3 Rc1  0-1

[Event "TCh-HUN 2012-13"]
[Site "Mako HUN"]
[Date "2012.11.18"]
[Round "4"]
[White "Szalai,K"]
[Black "Kovacs,Ga2"]
[Result "1-0"]
[WhiteElo "2407"]
[BlackElo "2461"]

1.Nf3 d5 2.c4 e6 3.g3 Nf6 4.Bg2 Be7 5.O-O O-O 6.d4 dxc4 7.Qa4 a6 8.Qxc4 b5
9.Qc2 Bb7 10.Rd1 Be4 11.Qd2 Qc8 12.Nc3 Bc6 13.b3 Qb7 14.Bb2 Nbd7 15.Rac1 Rac8
16.d5 Bxd5 17.e4 b4 18.Nxd5 exd5 19.e5 Ne4 20.Qxd5 Qxd5 21.Rxd5 Nb6 22.Rdd1 c5
23.Nd4 cxd4 24.Bxe4 Rxc1 25.Rxc1 Rd8 26.Kf1 f6 27.e6 Rd6 28.Rc6 Rxc6 29.Bxc6 Bc5
30.Bxd4  1-0

[Event "WY BU14 2012"]
[Site "Maribor SLO"]
[Date "2012.11.18"]
[Round "11.18"]
[White "Williams,Justus D"]
[Black "Plenca,Jadranko"]
[Result "1-0"]
[WhiteElo "2230"]
[BlackElo "2072"]

1.Nf3 d5 2.c4 c6 3.g3 Nf6 4.Bg2 e6 5.O-O Nbd7 6.Qc2 Bd6 7.d4 O-O 8.Rd1 Qe7
9.Nbd2 b6 10.e4 dxe4 11.Nxe4 Nxe4 12.Qxe4 Bb7 13.b3 Nf6 14.Qe2 c5 15.Bb2 Rad8
16.Rac1 Rfe8 17.Rc2 cxd4 18.Nxd4 Bc5 19.Rcd2 Bxg2 20.Kxg2 Bxd4 21.Rxd4 Rxd4
22.Rxd4 Rd8 23.Rxd8+ Qxd8 24.Bxf6 gxf6 25.Qg4+ Kh8 26.Qf3 Kg7 27.Qc3 e5 28.b4 e4
29.Qe3 Qd6 30.c5 bxc5 31.bxc5 Qd5 32.h4 a5 33.a3 a4 34.Kh2 Qc4 35.Kg2  1-0

[Event "US Chess League KO Final 2012"]
[Site "ICC INT"]
[Date "2012.11.20"]
[Round "2"]
[White "Chakraborty,Di"]
[Black "Lessler,Peter"]
[Result "1-0"]
[WhiteElo "2166"]
[BlackElo "2173"]

1.Nf3 d5 2.c4 e6 3.g3 Nf6 4.b3 Be7 5.Bg2 O-O 6.O-O d4 7.d3 c5 8.e4 Nc6 9.e5 Nd7
10.Re1 a6 11.h4 Rb8 12.Bf4 Qc7 13.Nbd2 b5 14.h5 Bb7 15.Qe2 Nb4 16.Nf1 bxc4
17.bxc4 Nb6 18.N1h2 Na4 19.Qd2 Bxf3 20.Bxf3 Rb6 21.Ng4 Kh8 22.Nf6 Nc3 23.Ne4 Nxe4
24.Bxe4 Rfb8 25.Bf3 Nc6 26.Qd1 Rb4 27.Qe2 Rb2 28.Qe4 Nb4 29.Re2 Rxe2 30.Qxe2 Nc6
31.Re1 Rb4 32.Qe4 Na7 33.Re2 Qb8 34.Kg2 Kg8 35.g4 Qd8 36.Kh3 a5 37.g5 g6
38.hxg6 hxg6 39.Kg4 Rb1 40.Re1 Rxe1 41.Qxe1 Qb6 42.Bd2 a4 43.Qc1 Nc6 44.Bf4 Nb4
45.Qa3 Kg7 46.Be4 Nc2 47.Qxa4 Qb1 48.Qe8 Qd1+ 49.Bf3 Qg1+ 50.Bg3 Bf8 51.Qd8 Ne1
52.Qf6+ Kg8 53.Be4 Qf1 54.Qf4 Qe2+ 55.Kh3 Nxd3 56.Qf3 Qxf3 57.Bxf3 Nb2 58.Be4 Nxc4
59.a4 Na5 60.f4 c4 61.Bf2 Bc5 62.Kg2 Kf8 63.Be1 Nb3 64.Kf1 d3 65.Bc3 Bb6
66.Ke1 Ke7 67.Bc6 Kd8 68.Bb5 Ba5 69.Bxa5+ Nxa5 70.Kd2 Ke7 71.Kc3 Kd8 72.Kd2 Kc7
73.Be8 Nb3+ 74.Kc3 d2 75.Kc2 c3 76.a5 Nxa5 77.Ba4 Nc4 78.Kxc3 Ne3 79.Kxd2 Nd5
80.Be8 Nxf4 81.Bxf7 Kd7 82.Ke3 Nh3 83.Bxg6 Ke7 84.Kf3 Nxg5+ 85.Kg4 Nf7 86.Bxf7 Kxf7
87.Kh5  1-0

[Event "22nd World Seniors Women"]
[Site "Kamena Vourla GRE"]
[Date "2012.11.22"]
[Round "9.5"]
[White "Beliaeva,N"]
[Black "Beltz,M"]
[Result "1-0"]
[WhiteElo "2006"]
[BlackElo "2097"]

1.Nf3 d5 2.c4 e6 3.Qc2 Nf6 4.b3 b6 5.Bb2 Bb7 6.g3 c5 7.Bg2 d4 8.O-O Nc6 9.a3 Be7
10.d3 a5 11.Nbd2 Qc7 12.e3 e5 13.exd4 exd4 14.Rae1 O-O 15.Nh4 Rfe8 16.Bc1 Ng4
17.Nf5 Bf8 18.Ne4 Qd7 19.Nh4 f5 20.Ng5 h6 21.Bd5+ Qxd5 22.cxd5 Nce5 23.Ngf3 Nf7
24.Rxe8 Rxe8 25.Re1 Rd8 26.Nxf5 Bxd5 27.Qe2 Bxb3 28.N3xd4  1-0

[Event "22nd World Seniors Open"]
[Site "Kamena Vourla GRE"]
[Date "2012.11.23"]
[Round "10.37"]
[White "Vrhovnik,D"]
[Black "Prammer,Franz"]
[Result "1-0"]
[WhiteElo "2114"]
[BlackElo "1859"]

1.Nf3 d5 2.c4 e6 3.g3 Nf6 4.Bg2 Be7 5.O-O O-O 6.b3 b6 7.Bb2 Bb7 8.e3 c5 9.Qe2 Nbd7
10.Nc3 a6 11.Rfd1 Qc7 12.Rac1 dxc4 13.bxc4 Rad8 14.d3 Rfe8 15.e4 Nb8 16.Rb1 Nc6
17.Ba1 Rb8 18.Rd2 Ba8 19.Qd1 Rec8 20.Ne1 Bd8 21.f4 Qe7 22.e5 Ne8 23.Ne4 g6
24.Nf3 Qf8 25.h4 h5 26.Nfg5 Nd4 27.g4 hxg4 28.Qxg4 f5 29.exf6 Nxf6 30.Nxf6+ Bxf6
31.Bxa8 Rxa8 32.Nxe6 Qe8 33.Bxd4 Bxd4+ 34.Nxd4 Qe3+ 35.Rf2 Qxd4 36.Rxb6 Rc7
37.Rxg6+ Kh8 38.f5 Qxd3 39.Rh6+ Rh7 40.Rxh7+ Kxh7 41.Qg6+ Kh8 42.Qh6+  1-0

[Event "VIII Governor's Cup"]
[Site "Khanty-Mansiysk RUS"]
[Date "2012.11.23"]
[Round "9.8"]
[White "Shimanov,A"]
[Black "Frolyanov,D"]
[Result "1/2-1/2"]
[WhiteElo "2597"]
[BlackElo "2556"]

1.Nf3 d5 2.c4 e6 3.g3 dxc4 4.Bg2 a6 5.O-O Nf6 6.Qc2 Bd6 7.Qxc4 b5 8.Qc2 Bb7
9.Nc3 c5 10.a4 Qb6 11.d3 Nbd7 12.axb5 axb5 13.Rxa8+ Bxa8 14.Qb3 b4 15.Na4 Qa6
16.Nd2 Bd5 17.Nc4 Bxc4 18.dxc4 Ne5 19.Bf4 Qxc4 20.Nxc5 Bxc5 21.Qxc4 Nxc4
22.Rc1 Kd7 23.Rxc4 Rc8 24.Kf1 Nd5 25.Bd2 g6 26.g4 Bd6 27.Rd4 Ke7 28.Bxd5 exd5
29.Bxb4 Rc1+ 30.Kg2 Rc2 31.Bd2 Rxb2 32.Rxd5 Bb4 33.Bxb4+ Rxb4 34.Kg3 Ke6
35.Ra5 Kf6 36.h4 Kg7 37.f3 Rb1 38.e4 h6 39.e5 Re1 40.Kf4 Rh1 41.Ra7 Kg8 42.Kg3 Rg1+
43.Kh2 Re1 44.Ra5 Re2+ 45.Kg3 g5 46.hxg5 hxg5 47.e6 Rxe6 48.Rxg5+ Kf8 49.f4 Re1
50.Ra5 Kg7 51.Kh4 Rb1 52.Ra6 Rb5 53.f5 Rc5 54.Kg5 Rb5 55.Ra4 Rc5 56.Kf4 Rc1
57.Ra8 Rc4+ 58.Kg3 Rc5 59.Re8 Ra5 60.Kf4 Ra1 61.Re3 Ra4+ 62.Re4 Ra1 63.g5 Rf1+
64.Kg4 Rh1 65.Ra4 Rf1 66.Ra3 Rb1 67.Rh3 Rb4+ 68.Kh5 f6 69.Re3 fxg5 70.Kxg5 Kf7
71.Rh3 Rb6 72.Rh7+ Kf8 73.Rh6 Rxh6 74.Kxh6 Kf7 75.f6 Kxf6  1/2-1/2

[Event "Kilkenny Masters"]
[Site "Kilkenny IRL"]
[Date "2012.11.23"]
[Round "1.2"]
[White "Path,D"]
[Black "Arkell,K"]
[Result "0-1"]
[WhiteElo "2069"]
[BlackElo "2462"]

1.Nf3 d5 2.c4 d4 3.d3 Nc6 4.g3 e5 5.Bg2 Bb4+ 6.Kf1 a5 7.Na3 Nf6 8.Nc2 Bc5
9.b3 O-O 10.Rb1 e4 11.Ng1 exd3 12.exd3 Bg4 13.f3 Bf5 14.Nh3 Nb4 15.Nxb4 axb4
16.Rb2 b5 17.Nf2 bxc4 18.bxc4 Qd7 19.Bd2 Rfe8 20.Ne4 Nxe4 21.fxe4 Bg4 22.Qb1 f5
23.h3 Bh5 24.Bxb4 Bxb4 25.Rxb4 fxe4 26.Bxe4 Rxe4 27.dxe4 Rf8+ 28.Ke1 Qf7
29.g4 Qf2+ 30.Kd1 Qf3+ 31.Kd2 Qg2+ 32.Kd3 Rf3+ 33.Kxd4 Qd2+  0-1

[Event "XXVI Belgrade Trophy 2012"]
[Site "Belgrade SRB"]
[Date "2012.11.24"]
[Round "1.21"]
[White "Nenezic,M"]
[Black "Rajkovic,Mladen"]
[Result "1-0"]
[WhiteElo "2378"]
[BlackElo "1935"]

1.Nf3 d5 2.c4 e6 3.d4 c5 4.cxd5 exd5 5.g3 Nc6 6.Bg2 Nf6 7.O-O Be7 8.Nc3 O-O
9.dxc5 d4 10.Na4 Bf5 11.Bf4 Ne4 12.Rc1 g5 13.Be5 Nxe5 14.Nxe5 Bf6 15.Nd3 Bg7
16.Re1 Re8 17.Qb3 Rb8 18.Red1 Qe7 19.Qb4 Bd7 20.Re1 Bc6 21.Qc4 Qd7 22.b3 Rbc8
23.Nb4 Bxa4 24.Bxe4 Rxe4 25.bxa4 Qxa4 26.Nd3 Qd7 27.Rc2 Rce8 28.Rb2 h5 29.Reb1 b6
30.cxb6 axb6 31.Rxb6 Rxe2 32.R6b5 Bf6 33.Rb7 Qe6 34.Qxe6 R8xe6 35.a4 Ra2
36.R1b3 Rxa4 37.Rc7 Re7 38.Rc6 Re6 39.Rc7 Re7 40.Rc6 Ra1+ 41.Kg2 Bg7 42.Rb8+ Kh7
43.Rb5 f6 44.Rd6 Rd1 45.Rxd4 f5 46.Rd6 Rf7  1-0

[Event "Plzen Open 2012"]
[Site "Plzen CZE"]
[Date "2012.11.24"]
[Round "7"]
[White "Baraniuk,Andrej"]
[Black "Bastyr,P"]
[Result "1-0"]
[WhiteElo "1661"]
[BlackElo "1570"]

1.Nf3 d5 2.c4 Nf6 3.d4 e6 4.Nc3 Bb4 5.Bd2 Nc6 6.cxd5 Bxc3 7.bxc3 exd5 8.Bg5 Qd6
9.Qc1 Ne4 10.Bf4 Qe7 11.h3 Bf5 12.e3 Na5 13.Nd2 Qd7 14.Nxe4 Bxe4 15.f3 Bg6
16.c4 c6 17.Qc3 Qd8 18.c5 b6 19.Kf2 O-O 20.Rc1 Qh4+ 21.Bg3 Qf6 22.Bd3 Bxd3
23.Qxd3 Nc4 24.Rxc4 dxc4 25.Qxc4 b5 26.Qc3 a5 27.Rb1 Qe6 28.Rb2 a4 29.a3 Rfe8
30.Bd6 f5 31.Qd3 Qd5 32.Bf4 Re6 33.Qc2 Rae8 34.Be5 Rxe5 35.dxe5 Rxe5 36.f4 Re4
37.Qc3 Rc4 38.Qa5 Qxc5 39.Qd8+ Qf8 40.Qd7 Qf6 41.Rd2 h6 42.Qe8+ Qf8 43.Qe6+ Qf7
44.Rd8+  1-0

[Event "9th Vasylyshyn Mem GM"]
[Site "Lviv UKR"]
[Date "2012.11.25"]
[Round "6"]
[White "Semcesen,D"]
[Black "Yildiz,B"]
[Result "1/2-1/2"]
[WhiteElo "2484"]
[BlackElo "2379"]

1.Nf3 d5 2.c4 dxc4 3.e4 c5 4.Bxc4 Nc6 5.Nc3 e6 6.O-O Bd6 7.d3 a6 8.Be3 Nf6
9.a4 O-O 10.h3 Qe7 11.Nd2 Rd8 12.f4 Bc7 13.Qf3 Nd4 14.Qf2 b6 15.Nf3 Nxf3+
16.Qxf3 Bb7 17.Bf2 Nd7 18.Qg4 Nf6 19.Bh4 Rd7 20.Qe2 Qe8 21.Rae1 Bd8 22.f5 Bc6
23.Qf2 Rb7 24.e5 Nd5 25.Ne4 Bxh4 26.Qxh4 exf5 27.Rxf5 Qd8 28.Qg3 b5 29.axb5 axb5
30.Bxd5 Bxd5 31.Rg5 g6 32.Nf6+ Kg7 33.Rh5 h6 34.Rf1 Be6 35.Rh4 Ra4 36.Re4 Rxe4
37.Nxe4 Qd4+ 38.Kh2 Rd7 39.Nd6 b4 40.Rf2 b3 41.Qf4 Qxf4+ 42.Rxf4 Ra7 43.Rf2 Ra1
44.Ne4 Rc1 45.g4 c4 46.dxc4 Bxc4 47.Nd2 Bd5 48.Kg3 Re1 49.Nf3 Re3 50.Kf4 Re4+
51.Kg3 Re3 52.Kf4  1/2-1/2

[Event "CCSCSL IM Inv"]
[Site "Saint Louis USA"]
[Date "2012.11.26"]
[Round "2.5"]
[White "Bregadze,L"]
[Black "Sharevich,A"]
[Result "1-0"]
[WhiteElo "2361"]
[BlackElo "2291"]

1.Nf3 d5 2.c4 c6 3.b3 Nf6 4.Bb2 Bg4 5.e3 e6 6.Be2 Nbd7 7.d3 Bd6 8.Nbd2 Qe7
9.h3 Bxf3 10.Bxf3 Ba3 11.Qc1 Bxb2 12.Qxb2 O-O 13.O-O e5 14.cxd5 cxd5 15.Rac1 e4
16.Be2 exd3 17.Bxd3 Ne5 18.Be2 a5 19.Nf3 Nxf3+ 20.Bxf3 a4 21.b4 a3 22.Qb3 Rfd8
23.Rfd1 h6 24.Rd4 Rd6 25.Rcd1 Rb6 26.b5 Rd8 27.Bxd5 Nxd5 28.Rxd5 Rxd5 29.Rxd5 Rg6
30.Rd4 Rg5 31.Qd3 Rg6 32.h4 h5 33.g3 Qc5 34.Rd8+ Kh7 35.Rd5 Qc1+ 36.Kg2 Qc7
37.Rxh5+ Kg8 38.Rd5  1-0

[Event "XXVI Belgrade Trophy 2012"]
[Site "Belgrade SRB"]
[Date "2012.11.27"]
[Round "4.49"]
[White "Janjic,Ju"]
[Black "Vukajlovic,Jovan"]
[Result "1-0"]
[WhiteElo "2052"]
[BlackElo "1628"]

1.Nf3 d5 2.c4 c6 3.b3 Nf6 4.e3 Bf5 5.Be2 e6 6.O-O Bd6 7.Bb2 O-O 8.Nc3 Nbd7
9.d3 Rc8 10.Rc1 Re8 11.a3 Qc7 12.cxd5 Nxd5 13.Nb5 Qb8 14.Nxd6 Qxd6 15.e4 Bg6
16.exd5 exd5 17.Nh4 Ne5 18.f4 Nd7 19.f5 Qe7 20.fxg6 hxg6 21.Bg4 Rc7 22.Re1 Qd8
23.Rxe8+ Qxe8 24.Qe1 Qxe1+ 25.Rxe1 Nc5 26.Re8+ Kh7 27.Be5  1-0

[Event "4th London Classic Open"]
[Site "London ENG"]
[Date "2012.12.01"]
[Round "1"]
[White "Hamitevici,V"]
[Black "Yurenok,M"]
[Result "1-0"]
[WhiteElo "2440"]
[BlackElo "2041"]

1.Nf3 d5 2.c4 c6 3.b3 Bf5 4.g3 Nf6 5.Bg2 Bxb1 6.Rxb1 g6 7.O-O Bg7 8.Qc2 O-O
9.b4 Nbd7 10.d3 Rc8 11.e4 dxe4 12.dxe4 Qc7 13.Rd1 Rcd8 14.h3 Rfe8 15.Be3 a6
16.c5 Nf8 17.Nd2 Nh5 18.Nb3 Rxd1+ 19.Rxd1 Rd8 20.Rxd8 Qxd8 21.g4 Nf6 22.f4 e5
23.f5 N6d7 24.Na5 Qc7 25.Bf1 h6 26.Bc4 Nf6 27.Bb3 g5 28.Nc4 Ne8 29.Qd2 Bf6
30.Kg2 Nh7 31.Kf3 Be7 32.Qd3 Kf8 33.Nb6 Bd8 34.Nd7+ Kg8 35.a4 Nhf6 36.Nxf6+ Bxf6
37.b5 axb5 38.axb5 cxb5 39.Qxb5 Qc8 40.Bd5 Nc7 41.Qxb7 Qd8 42.Bd2 Nxd5 43.exd5 e4+
44.Ke2 Qe8 45.c6 Qe5 46.c7 Qh2+ 47.Kd1 Qg1+ 48.Kc2 Qc5+ 49.Kb3  1-0

[Event "TCh-AUT 2 West 2012-13"]
[Site "Rum AUT"]
[Date "2012.12.01"]
[Round "5.4"]
[White "Kleissl,H"]
[Black "Scheiblmaier,R"]
[Result "0-1"]
[WhiteElo "2290"]
[BlackElo "2149"]

1.Nf3 d5 2.c4 e6 3.g3 Nf6 4.Bg2 c5 5.O-O Nc6 6.b3 Be7 7.e3 O-O 8.Qe2 b6 9.Rd1 Bb7
10.Bb2 dxc4 11.bxc4 Qc7 12.Ne1 Rfd8 13.g4 Na5 14.d3 Bxg2 15.Kxg2 Qb7+ 16.Kg1 Ne8
17.Nc3 a6 18.a4 Bf6 19.Rab1 Qc7 20.Ne4 Bxb2 21.Qxb2 Rab8 22.Ng2 Qd7 23.Qc2 Nc6
24.Qe2 Nd6 25.Nc3 Qe7 26.f4 f5 27.gxf5 Nxf5 28.Ne4 Nb4 29.Ne1 Rd7 30.Nf3 Nc6
31.Kh1 h6 32.Rg1 Kh8 33.Rg6 Qe8 34.Rbg1 Rbd8 35.Nf2 Kh7 36.R6g4 e5 37.fxe5 Nxe5
38.Re4 Re7 39.Nxe5 Rxe5 40.Qg4 g5 41.Qf3 Qe6 42.Rxe5 Qxe5 43.Ng4 Qe6 44.Rf1 Rf8
45.e4 Ng3+ 46.Qxg3 Rxf1+ 47.Kg2 Rf4 48.Ne3 Qe5 49.Qe1 Qb2+ 50.Kg3 h5 51.Nf5 Rg4+
52.Kf3 Qg2+ 53.Ke3 Qh3+ 54.Kd2 Qxh2+ 55.Kc3 Qe5+ 56.Kb3 Rg2 57.Qc1 h4 58.a5 bxa5
59.Qb1 Qb8+  0-1

[Event "5th Kolkata Open"]
[Site "Kolkata IND"]
[Date "2012.12.03"]
[Round "1"]
[White "Venkatesh,M"]
[Black "Aravindh,Chithambaram VR."]
[Result "1/2-1/2"]
[WhiteElo "2520"]
[BlackElo "2338"]

1.Nf3 d5 2.c4 e6 3.g3 Nf6 4.b3 Be7 5.Bg2 d4 6.O-O O-O 7.Bb2 Nc6 8.e3 e5 9.exd4 exd4
10.d3 a5 11.Na3 a4 12.Nb5 Bg4 13.bxa4 Qd7 14.Qd2 Bxf3 15.Bxf3 Ne5 16.Bg2 Bc5
17.Ba3 Qe7 18.Rfe1 Bxa3 19.Nxa3 Rxa4 20.Nc2 Qd6 21.a3 b6 22.f4 Neg4 23.h3 Ne3
24.Nxe3 dxe3 25.Qxe3 h6 26.Red1  1/2-1/2

[Event "5th Kolkata Open"]
[Site "Kolkata IND"]
[Date "2012.12.03"]
[Round "1"]
[White "Deepan,C"]
[Black "Ravi,TeS"]
[Result "1-0"]
[WhiteElo "2487"]
[BlackElo "2296"]

1.Nf3 d5 2.c4 c6 3.d4 Nf6 4.e3 a6 5.Nbd2 b5 6.b3 Bf5 7.Ne5 h6 8.g4 Bh7 9.h4 Nfd7
10.Ndf3 Be4 11.Bd3 Nxe5 12.dxe5 Bxd3 13.Qxd3 dxc4 14.Qxd8+ Kxd8 15.e6 fxe6
16.Ne5 Rg8 17.bxc4 g6 18.Ba3 Ra7 19.Ke2 Ke8 20.Rab1 g5 21.hxg5 Rxg5 22.f4 Rg8
23.Kf3 Bg7 24.Bb2 Rc7 25.Nd3 Kf7 26.Bxg7 Kxg7 27.Nc5 Rcc8 28.Nxe6+ Kf7 29.Rxh6 Nd7
30.cxb5 cxb5 31.Ng5+  1-0

[Event "5th Kolkata Open"]
[Site "Kolkata IND"]
[Date "2012.12.03"]
[Round "1"]
[White "Das,Say"]
[Black "Grover,S"]
[Result "1/2-1/2"]
[WhiteElo "2312"]
[BlackElo "2509"]

1.Nf3 d5 2.c4 e6 3.g3 Nf6 4.Bg2 dxc4 5.Qa4+ c6 6.Qxc4 b5 7.Qc2 Bb7 8.a4 a6
9.O-O Be7 10.Rd1 Nbd7 11.d3 O-O 12.Nc3 Qb6 13.e4 c5 14.b3 Rac8 15.axb5 axb5
16.Rb1 Nb8 17.h3 Nc6 18.Be3 Nb4 19.Qe2 Rfd8 20.Ne5 Ne8 21.Na2 Nxa2 22.Qxa2 Bf6
23.Nf3 Bd4 24.Qe2 b4 25.Rdc1 Bc3 26.Nd2 Qd6 27.e5 Qxd3 28.Qxd3 Rxd3 29.Bxb7 Rb8
30.Ne4 Rxb7 31.Nxc5 Rxe3 32.Nxb7 Rxe5 33.Rd1 Kf8 34.Nd8 Rd5 35.Nc6 Nc7 36.Rxd5 exd5
37.Rd1 Ke8 38.Nd4  1/2-1/2

[Event "5th Kolkata Open"]
[Site "Kolkata IND"]
[Date "2012.12.03"]
[Round "1"]
[White "Sangma,R"]
[Black "Sengupta,D"]
[Result "1/2-1/2"]
[WhiteElo "2351"]
[BlackElo "2540"]

1.Nf3 d5 2.c4 c6 3.e3 Nf6 4.Nc3 e6 5.b3 Be7 6.Bb2 O-O 7.Be2 a6 8.O-O b5 9.Qc2 Bb7
10.d4 Nbd7 11.Rfd1 Qb8 12.a3 bxc4 13.bxc4 c5 14.cxd5 Nxd5 15.Rab1 Rc8 16.dxc5 Rxc5
17.Qb3 Bc6 18.Qxb8+ Rxb8 19.Nxd5 Bxd5 20.Bd4 Rxb1 21.Rxb1 Rc6 22.a4 f6 23.a5 Bd8
24.h3 Kf7 25.Ra1 e5 26.Bb6 Nxb6 27.axb6 Bxb6 28.Bxa6 Rd6 29.Rd1 Ke7 30.Be2 g6
31.Ne1 Be6 32.Rxd6 Kxd6 33.Kf1 e4 34.Ba6 h5 35.Ke2 h4 36.f3 Ba5 37.fxe4 Bxe1
38.Kxe1 Ke5 39.Bb7 Bc4 40.Kf2 Bd3 41.Kf3 g5 42.Ba8 Bc2 43.Bb7 Ba4 44.Ke2 Bb5+  1/2-1/2

[Event "4th London Classic Open"]
[Site "London ENG"]
[Date "2012.12.03"]
[Round "3"]
[White "Maduekwe,C"]
[Black "Reutimann,H"]
[Result "1-0"]
[WhiteElo "2151"]
[BlackElo "1783"]

1.Nf3 d5 2.c4 dxc4 3.Qa4+ Nc6 4.Qxc4 Nf6 5.Nc3 e6 6.g3 Bd6 7.Bg2 O-O 8.d4 e5
9.d5 Ne7 10.O-O a6 11.Rd1 b5 12.Qb3 b4 13.Na4 Bd7 14.a3 Rb8 15.axb4 Rxb4
16.Qc2 Bf5 17.Qd2 Ne4 18.Qe1 Qc8 19.Nxe5 Rxa4 20.Rxa4 Bxe5 21.Bxe4 Qd7 22.Qa5 Bxe4
23.Rxe4  1-0

[Event "5th Kolkata Open"]
[Site "Kolkata IND"]
[Date "2012.12.04"]
[Round "2"]
[White "Sethuraman,S"]
[Black "Karthikeyan,M2"]
[Result "1-0"]
[WhiteElo "2520"]
[BlackElo "2315"]

1.Nf3 d5 2.c4 e6 3.g3 Nf6 4.Bg2 Be7 5.O-O O-O 6.b3 d4 7.e3 c5 8.exd4 cxd4
9.Bb2 Nc6 10.Re1 Qb6 11.d3 Nd7 12.Na3 e5 13.Nc2 Bd6 14.Rb1 a5 15.a3 f6 16.Nh4 g6
17.b4 axb4 18.axb4 Nxb4 19.Ba3 Rxa3 20.Nxa3 Qc5 21.Nb5 Be7 22.Re2 Nb8 23.Reb2 N8a6
24.Qd2 b6 25.Rb3 Kg7 26.Nf3 Bd7 27.Ne1 Qc8 28.Ra1 Bc5 29.Nc2 Nxc2 30.Qxc2 Nb4
31.Qd2 Nc6 32.Na7 Qc7 33.Nxc6 Bxc6 34.Bxc6 Qxc6 35.Rbb1 Ra8 36.Qe2 h5 37.h4 Ra5
38.Qe1 Rxa1 39.Rxa1 Qb7 40.Qe2 Kf7 41.Qa2 f5 42.Qd2 Qc7 43.Qh6 Bf8 44.Qh7+ Bg7
45.Ra8 e4 46.Qg8+ Kf6 47.Qd5 Qe5 48.Qd8+ Ke6 49.Ra7  1-0

[Event "Doroshkevicha Mem Open 2012"]
[Site "Sochi RUS"]
[Date "2012.12.04"]
[Round "9"]
[White "Malaniuk,V"]
[Black "Rozhko,D"]
[Result "1-0"]
[WhiteElo "2514"]
[BlackElo "2359"]

1.Nf3 d5 2.c4 c6 3.e3 Nf6 4.Nc3 Qb6 5.Qa4 e6 6.d4 Nbd7 7.Qc2 Be7 8.b3 O-O
9.Bd3 Rd8 10.O-O Qa5 11.a3 dxc4 12.Bxc4 b5 13.Bd3 b4 14.Na4 Ba6 15.Bxa6 Qxa6
16.axb4 Bxb4 17.Ba3 Qb5 18.Bxb4 Qxb4 19.Rfc1 Rab8 20.Rab1 Rdc8 21.Ne1 Qd6
22.Nd3 Rb5 23.Nac5 Nxc5 24.Nxc5 e5 25.dxe5 Qxe5 26.h3 h6 27.b4 Nd5 28.Na6 Rb6
29.Qc4 Re8 30.Nc5 Qe7 31.Rb3 Reb8 32.Rcb1 Rb5 33.Nd3 Qb7 34.e4 Nb6 35.Qc2 Nd7
36.Rc3 c5 37.Re1 c4 38.Rxc4 Ne5 39.Nxe5 Rxe5 40.Rd1 a5 41.bxa5 Rxa5 42.Rc7 Qb5
43.g3 Qe5 44.Qc4 Qf6 45.Rdd7 Rf8 46.Qb4 Raa8 47.Kg2  1-0

[Event "Vietnam National Masters Men 2012"]
[Site "Ho Chi Minh City VIE"]
[Date "2012.12.05"]
[Round "9.5"]
[White "Nguyen Van Hai"]
[Black "Duong The Anh"]
[Result "1/2-1/2"]
[WhiteElo "2356"]
[BlackElo "2368"]

1.Nf3 d5 2.c4 c6 3.d4 Nf6 4.g3 Bf5 5.Bg2 e6 6.O-O Be7 7.Qb3 Qb6 8.c5 Qxb3
9.axb3 Nbd7 10.b4 O-O 11.Nc3 a6 12.Nh4 Bc2 13.f4 h6 14.Nf3 Ne4 15.Ne5 Nxe5
16.fxe5 f5  1/2-1/2

[Event "4th London Classic Open"]
[Site "London ENG"]
[Date "2012.12.05"]
[Round "5"]
[White "Roe,S"]
[Black "Boruchovsky,A"]
[Result "0-1"]
[WhiteElo "2265"]
[BlackElo "2448"]

1.Nf3 d5 2.c4 e6 3.g3 dxc4 4.Qa4+ Nd7 5.Qxc4 a6 6.Bg2 b5 7.Qc2 Bb7 8.a4 c5
9.O-O Ngf6 10.d3 Be7 11.Nc3 Qb6 12.axb5 axb5 13.Rxa8+ Bxa8 14.Bf4 O-O 15.Ra1 Nd5
16.Nxd5 Bxd5 17.Nd2 Bxg2 18.Kxg2 Qb7+ 19.Kg1 Ra8 20.Rxa8+ Qxa8 21.Qb3 Qa5
22.Kg2 Qa6 23.h3 Nb6 24.Nb1 Bf6 25.Na3 b4 26.Nc4 Nxc4 27.dxc4 Qa8+ 28.Kh2 Qa1
29.Qf3 Bxb2 30.Qc6 h6 31.Qe8+ Kh7 32.Qxf7 Qa6 33.g4 Qxc4 34.Bxh6 Be5+ 35.Kg1 Qe4
36.Be3 Qg6 37.Qb7 Qb1+ 38.Kg2 c4 39.h4 b3 40.h5 b2 41.g5 Qf5 42.g6+ Kg8 43.Qc8+ Qf8
44.Qxe6+ Kh8 45.h6 b1=Q 46.hxg7+ Kxg7 47.Qxe5+ Qf6 48.Bh6+ Kxg6  0-1

[Event "4th London Classic Open"]
[Site "London ENG"]
[Date "2012.12.07"]
[Round "7.3"]
[White "Hamitevici,V"]
[Black "Hillarp Persson,T"]
[Result "1/2-1/2"]
[WhiteElo "2440"]
[BlackElo "2546"]

1.Nf3 d5 2.c4 e6 3.b3 c5 4.g3 Nc6 5.Bg2 Be7 6.Bb2 d4 7.O-O e5 8.d3 Nh6 9.e3 O-O
10.exd4 cxd4 11.Re1 f6 12.Na3 Nf7 13.Nc2 Bg4 14.h3 Bd7 15.a3 a5 16.Qd2 Rb8
17.b4 b5 18.c5 Re8 19.Qe2 Qc8 20.Qf1 h5 21.h4 Ncd8 22.Nd2 Bc6 23.Bh3 Bd7
24.Bg2 Bc6 25.Bh3 Bd7 26.Bg2  1/2-1/2

[Event "4th London Classic Open"]
[Site "London ENG"]
[Date "2012.12.07"]
[Round "7"]
[White "Kalerwa,Edwin M"]
[Black "Rogers,Tim L"]
[Result "0-1"]
[WhiteElo "1783"]
[BlackElo "1979"]

1.Nf3 d5 2.c4 e6 3.e3 Nf6 4.b3 Be7 5.Bb2 O-O 6.Be2 dxc4 7.bxc4 c5 8.Na3 b6
9.O-O Bb7 10.d3 Nc6 11.Nc2 Qc7 12.d4 Rfd8 13.Qc1 Rac8 14.Rd1 cxd4 15.exd4 Na5
16.Ne3 Ba6 17.Ne5 Nd7 18.Nxd7 Rxd7 19.Rd2 Bxc4 20.Rc2 b5 21.d5 exd5 22.Bg4 Re8
23.Bxd7 Qxd7 24.Qd2 Qd8 25.Nf5 Bf6 26.Nd4 Nb7 27.a4 a6 28.axb5 axb5 29.Qb4 Qd6
30.Qxd6 Nxd6 31.f3 h5 32.Ra6 Bxd4+ 33.Bxd4 Re1+ 34.Kf2 Rf1+ 35.Kg3 Nf5+ 36.Kf4 Nxd4
37.Rd2 Nb3 38.Rda2 d4 39.Rd6 d3 40.Kg5 f6+ 41.Rxf6 gxf6+ 42.Kxf6 Re1 43.Ra8+ Kh7
44.Ra7+ Kh6 45.h4 d2  0-1

[Event "4th London Classic Open"]
[Site "London ENG"]
[Date "2012.12.07"]
[Round "7"]
[White "Arkell,K"]
[Black "Berry,N"]
[Result "1/2-1/2"]
[WhiteElo "2470"]
[BlackElo "2247"]

1.Nf3 d5 2.c4 c6 3.d4 Nf6 4.Nbd2 Bf5 5.g3 e6 6.Bg2 h6 7.O-O Be7 8.b3 O-O
9.Bb2 Nbd7 10.e3 a5 11.Qe2 a4 12.Bc3 Bh7 13.Rfc1 Qb8 14.b4 dxc4 15.Nxc4 Nd5
16.a3 Nxc3 17.Rxc3 Bf6 18.Rd1 e5 19.dxe5 Nxe5 20.Nfxe5 Bxe5 21.Rcc1 Bc7 22.Nb2 Bf5
23.b5 Be5 24.Nc4 cxb5 25.Nb6 Ra5 26.Nd7 Bxd7 27.Rxd7 b6 28.f4 Bd6 29.Qd2 Bxa3
30.Rcc7 b4 31.Qa2 Rc5 32.Rxf7 Rxc7 33.Rxc7+ Kh8 34.Qc2 Qe8 35.Kf2 b3 36.Qc3 Qg6
37.Be4 Qf6 38.Qc4 Bc5 39.Ra7 Qb2+ 40.Kf3 Qd2 41.Rxa4 Qxe3+ 42.Kg4 b2 43.Bb1 Qe8
44.Qc2 Qd7+ 45.Kf3 Qd5+ 46.Re4 Re8 47.Kg2 Rxe4 48.Qxe4 Qxe4+  1/2-1/2

[Event "4th London Classic Open"]
[Site "London ENG"]
[Date "2012.12.08"]
[Round "8.5"]
[White "Hillarp Persson,T"]
[Black "Houska,Jo"]
[Result "1/2-1/2"]
[WhiteElo "2546"]
[BlackElo "2396"]

1.Nf3 d5 2.c4 c6 3.e3 Nf6 4.Nc3 a6 5.h3 g6 6.d4 Bg7 7.Qb3 O-O 8.a4 e6 9.a5 Nbd7
10.Bd3 c5 11.cxd5 cxd4 12.exd4 Nxd5 13.Nxd5 exd5 14.O-O Nb8 15.Bg5 Qd6 16.Rfc1 Nc6
17.Qb6 h6 18.Be3 Re8 19.Ne5 Re6 20.Bf4 Nxd4 21.Qxd6 Rxd6 22.Ra4 g5 23.Bh2 Nb5
24.Rb4 Re6 25.Nf3 Bd7 26.h4 Bf8 27.Rb3 Rae8 28.hxg5 hxg5 29.Rf1 g4 30.Nh4 Re1
31.Bg3 d4 32.Bf5 Bc6 33.Bf4 Bd6 34.Rg3 Bxf4 35.Rxg4+ Kf8 36.Rxf4 R8e2 37.Rxe1 Rxe1+
38.Kh2 Re2 39.Bg6 Bd5 40.Bd3 Rxb2 41.Nf5 Be6 42.g4 Bxf5 43.Rxf5 Ke7 44.g5 Nd6
45.Re5+ Kd7 46.Kg2 Rd2 47.Bh7 Rb2 48.Bd3 Kc6 49.Kf1 Rb3 50.Ke2 b5 51.axb6 Rxb6  1/2-1/2

[Event "5th Kolkata Open"]
[Site "Kolkata IND"]
[Date "2012.12.10"]
[Round "8"]
[White "Narayanan,SL"]
[Black "Dimakiling,O"]
[Result "0-1"]
[WhiteElo "2373"]
[BlackElo "2453"]

1.Nf3 d5 2.c4 e6 3.d4 a6 4.cxd5 exd5 5.Nc3 Be7 6.Bf4 Nf6 7.e3 O-O 8.h3 c5
9.dxc5 Bxc5 10.Be2 Nc6 11.O-O h6 12.Qb3 Na5 13.Qc2 Be6 14.Rad1 Rc8 15.Qb1 Qe7
16.Be5 Rfd8 17.Bd4 b5 18.Bd3 Nc4 19.Ne2 Bxd4 20.Nexd4 Ne4 21.Bxe4 dxe4 22.Qxe4 Nxb2
23.Nc6 Qb7 24.Rxd8+ Rxd8 25.Nfd4 Re8 26.Rb1 Nc4 27.Nxe6 Rxe6 28.Qxc4 Rxc6
29.Qd3 Qc7 30.Qe4 g6 31.Rd1 Kh7 32.g4 Rc2 33.h4 Qc4 34.Qf3 Rxa2 35.h5 Qe6
36.Kg2 gxh5 37.gxh5 Ra4 38.Rd4 Rc4 39.Rxc4 bxc4 40.e4 a5 41.Kf1 a4 42.e5 Kg7
43.Qg2+ Kf8 44.Qa8+ Qe8 45.Qa5 Qc6 46.Qd8+ Kg7 47.Qd4 Qe6 48.Qc3 a3 49.Qg3+ Kh7
50.Qxa3 Qxe5 51.Qf3 Qe6 52.Kg1 f5 53.Qb7+ Kg8 54.Qb8+ Kf7 55.Qh8 Ke7 56.Qg7+ Kd6
57.Qf8+ Ke5 58.Qb8+ Kd4 59.Qa7+ Kd3 60.Qa1 f4 61.Qd1+ Ke4 62.Qc2+ Ke5 63.Kh2 Qf7
64.Kg1 Kf6 65.Qc3+ Kg5 66.Qe5+ Qf5 67.Qd4 Qe6 68.Kg2 Kxh5 69.Kf1 Kg5 70.Qg7+ Kh4
71.Qd4 Qh3+ 72.Kg1 Qg4+ 73.Kf1 Kh3 74.Ke1 f3 75.Qe3 h5 76.Kf1 Kh2 77.Qe5+ Kh1  0-1